[Event "Romania blitz online op final"]
[Site "Chess.com INT"]
[Date "2020.05.06"]
[Round "2"]
[White "Bonciu, David"]
[Black "Creanga, Robert Ionut"]
[Result "0-1"]
[WhiteElo "1926"]
[BlackElo "2053"]
[PlyCount "46"]
[EventDate "2020.05.06"]
[EventType "swiss (blitz)"]
[EventRounds "9"]
[EventCountry "ROU"]
[SourceTitle "CBM 196 Extra"]
[Source "ChessBase"]
[SourceDate "2020.07.31"]
[SourceVersion "1"]
[SourceVersionDate "2020.07.31"]
[SourceQuality "1"]

1. e4 d6 2. d4 Nf6 3. Nc3 g6 4. f4 Bg7 5. Nf3 0-0 6. Bd3 Nbd7 7. e5 Ne8 8. 0-0 c5 9. Be3 cxd4 10. Bxd4 Nb8 11. Bc4 Nc6 12. exd6 Nxd4 13. Nxd4 Nxd6 14. Bb3 Qb6 15. Nce2 Bg4 16. c3 Bxe2 17. Qxe2 Bxd4+ 18. cxd4 Qxd4+ 19. Kh1 Qf6 20. Rfe1 e6 21. Rad1 Rfd8 22. Qf3 Qxb2 23. Qxb7 Nxb7 0-1

[Event "Romania blitz online op final"]
[Site "Chess.com INT"]
[Date "2020.05.06"]
[Round "8"]
[White "Grecescu, Gabriel Andrei"]
[Black "Bonciu, David"]
[Result "1/2-1/2"]
[WhiteElo "2388"]
[BlackElo "1926"]
[PlyCount "102"]
[EventDate "2020.05.06"]
[EventType "swiss (blitz)"]
[EventRounds "9"]
[EventCountry "ROU"]
[SourceTitle "CBM 196 Extra"]
[Source "ChessBase"]
[SourceDate "2020.07.31"]
[SourceVersion "1"]
[SourceVersionDate "2020.07.31"]
[SourceQuality "1"]

1. e4 c5 2. Nf3 Nc6 3. d4 cxd4 4. Nxd4 Nf6 5. Nc3 e5 6. Ndb5 d6 7. Bg5 a6 8. Na3 b5 9. Nd5 Be7 10. Bxf6 Bxf6 11. c3 Bg5 12. Nc2 Rb8 13. Bd3 0-0 14. h4 Bh6 15. Nce3 Bxe3 16. Nxe3 Be6 17. a3 Ne7 18. Qc2 a5 19. b4 axb4 20. axb4 Ra8 21. Rxa8 Qxa8 22. 0-0 Qc6 23. h5 Rc8 24. h6 Qxc3 25. Qxc3 Rxc3 26. Bxb5 Rb3 27. Rd1 Rxb4 28. Rxd6 gxh6 29. Bd7 Rd4 30. Rxd4 exd4 31. Bxe6 fxe6 32. Ng4 Nc6 33. Kf1 Kg7 34. f4 h5 35. Nf2 Nb4 36. Ke2 Kf6 37. Nd3 Nxd3 38. Kxd3 e5 39. f5 Kg5 40. Kc4 h4 41. Kd3 Kf6 42. Ke2 h5 43. Kf3 Kg5 44. Ke2 Kf6 45. Kd3 Ke7 46. Kc4 Kf7 47. Kd3 Kf6 48. Kc4 Ke7 49. Kd3 Kf6 50. Kc4 Ke7 51. Kd3 Kf6 1/2-1/2

[Event "ROM-ch U16"]
[Site "Calimanesti Caciulata"]
[Date "2019.04.20"]
[Round "7"]
[White "Coca, Cristi Iulian"]
[Black "Bonciu, David"]
[Result "1/2-1/2"]
[WhiteElo "2137"]
[BlackElo "1883"]
[PlyCount "144"]
[EventDate "2019.04.15"]
[EventType "swiss"]
[EventRounds "9"]
[EventCountry "ROU"]
[SourceTitle "CBM 190 Extra"]
[Source "ChessBase"]
[SourceDate "2019.07.15"]
[SourceVersion "1"]
[SourceVersionDate "2019.07.15"]
[SourceQuality "1"]

1. Nf3 Nf6 2. g3 d5 3. Bg2 c6 4. 0-0 Bf5 5. d3 Nbd7 6. Nc3 e5 7. Re1 Be7 8. e4 dxe4 9. dxe4 Be6 10. Qe2 h6 11. h3 0-0 12. Nh4 Re8 13. Nf5 Bf8 14. Be3 Qc7 15. Kh1 Kh7 16. a4 a5 17. Rg1 g6 18. Nh4 Bc5 19. Bxc5 Nxc5 20. Raf1 Qd7 21. Kh2 Rad8 22. f4 Qd2 23. Qf2 Qxf2 24. Rxf2 exf4 25. gxf4 Rd4 26. Re1 Bc8 27. e5 Nh5 28. Ne4 Nxe4 29. Rxe4 Red8 30. c3 Rd2 31. Rxd2 Rxd2 32. b4 Rd3 33. bxa5 Rxc3 34. Bf3 Rc2+ 35. Ng2 Ng7 36. Bg4 Bf5 37. Rb4 h5 38. Bxf5 Nxf5 39. Rxb7 Ne3 40. a6 Rxg2+ 41. Kh1 Ra2 42. Rxf7+ Kg8 43. a7 Rxa4 44. Rb7 Nd5 45. Rb8+ Kf7 46. a8Q Rxa8 47. Rxa8 Nxf4 48. Kh2 h4 49. Ra6 Ke6 50. Rxc6+ Kxe5 51. Rc5+ Kf6 52. Ra5 g5 53. Ra1 Kf5 54. Rb1 Kf6 55. Rh1 Kf5 56. Kg1 Ke4 57. Kf2 Nd3+ 58. Kg2 Nf4+ 59. Kh2 Kf5 60. Ra1 Kf6 61. Ra3 Kf5 62. Rb3 Kf6 63. Kg1 Kf5 64. Kf2 Ke4 65. Re3+ Kf5 66. Rb3 Ke4 67. Rb4+ Kf5 68. Rb5+ Ke4 69. Rb3 Kf5 70. Re3 Kf6 71. Rf3 Ke5 72. Ra3 Ke4 1/2-1/2

[Event "ROM-chT U16"]
[Site "Iasi"]
[Date "2018.07.18"]
[Round "7.2"]
[White "Bonciu, David"]
[Black "Farcadi, Hunor"]
[Result "1-0"]
[WhiteElo "1860"]
[BlackElo "2019"]
[PlyCount "175"]
[EventDate "2018.07.13"]
[EventType "team-swiss"]
[EventRounds "7"]
[EventCountry "ROU"]
[SourceTitle "EXT 2020"]
[Source "ChessBase"]
[SourceDate "2019.10.17"]
[SourceVersion "1"]
[SourceVersionDate "2019.10.17"]
[SourceQuality "1"]
[WhiteTeam "Constanta Palatul Copiilor"]
[BlackTeam "Targu Mures"]
[WhiteTeamCountry "ROU"]
[BlackTeamCountry "ROU"]

1. e4 g6 2. d4 Bg7 3. Nc3 d6 4. Be3 a6 5. Qd2 b5 6. a3 Bb7 7. f4 Nf6 8. d5 c5 9. Bd3 Ng4 10. Nf3 Nxe3 11. Qxe3 0-0 12. 0-0 c4 13. Be2 Nd7 14. Rab1 Qc7 15. Kh1 Qc5 16. Qd2 Nb6 17. Rfd1 Rfd8 18. Nd4 Rac8 19. Bg4 Bxd4 20. Qxd4 Qxd4 21. Rxd4 Rc5 22. Rd2 a5 23. Kg1 b4 24. Ne2 h5 25. Bh3 c3 26. axb4 axb4 27. bxc3 Nc4 28. Rd4 Ne3 29. Rdxb4 Ba6 30. Nd4 Rxc3 31. Nc6 Re8 32. R4b3 Rxb3 33. Rxb3 Nc4 34. Bd7 Ra8 35. Nxe7+ Kf8 36. Nc6 Nd2 37. Re3 Bc4 38. Re1 Ra2 39. Nd4 Ke7 40. Bc6 f6 41. e5 fxe5 42. fxe5 dxe5 43. Rxe5+ Kd6 44. Re6+ Kc5 45. Nb3+ Nxb3 46. cxb3 Bxb3 47. Rxg6 Bxd5 48. Bxd5 Kxd5 49. Rg5+ Ke4 50. Rxh5 Kf4 51. Rh4+ Kg5 52. Rc4 Ra1+ 53. Kf2 Ra2+ 54. Kf3 Ra3+ 55. Ke4 Ra2 56. Rc8 Ra4+ 57. Kd3 Ra3+ 58. Rc3 Ra2 59. Rc2 Ra3+ 60. Ke2 Ra5 61. Rc3 Kg4 62. Rc4+ Kg5 63. Rd4 Ra2+ 64. Rd2 Ra3 65. Kf2 Rb3 66. Re2 Kf4 67. g3+ Kf5 68. Kg2 Rb5 69. h4 Kg4 70. Re4+ Kh5 71. Kh3 Rb3 72. Re5+ Kg6 73. Rg5+ Kh6 74. Ra5 Rb4 75. h5 Rb1 76. Kh4 Rh1+ 77. Kg4 Rf1 78. Ra6+ Kh7 79. Kg5 Rf7 80. g4 Kg7 81. h6+ Kh7 82. Kh5 Rc7 83. g5 Kh8 84. Kg6 Rc8 85. Re6 Rb8 86. Kf6 Rf8+ 87. Ke7 Ra8 88. g6 1-0

[Event "EU-ch U12 26th"]
[Site "Prague"]
[Date "2016.08.22"]
[Round "5"]
[White "Bonciu, David"]
[Black "Hofman, Krystof"]
[Result "1/2-1/2"]
[WhiteElo "1820"]
[BlackElo "1684"]
[PlyCount "63"]
[EventDate "2016.08.18"]
[EventType "swiss"]
[EventRounds "9"]
[EventCountry "CZE"]
[SourceTitle "CBM 174 Extra"]
[Source "ChessBase"]
[SourceDate "2016.10.10"]
[SourceVersion "1"]
[SourceVersionDate "2016.10.10"]
[SourceQuality "1"]

1. e4 c5 2. Nf3 d6 3. d4 cxd4 4. Nxd4 Nf6 5. Nc3 a6 6. Qf3 g6 7. h3 Bg7 8. Be3 0-0 9. 0-0-0 Nc6 10. g4 Nxd4 11. Bxd4 Be6 12. g5 Nd7 13. Bxg7 Kxg7 14. h4 Qa5 15. Kb1 Rfc8 16. Be2 b5 17. h5 Ne5 18. Qe3 Rxc3 19. Qxc3 Bxa2+ 20. Kc1 Qxc3 21. bxc3 Bc4 22. Bxc4 Nxc4 23. h6+ Kf8 24. Rd4 e6 25. Kd1 Re8 26. Ke2 Rc8 27. Ra1 Rc6 28. f4 e5 29. fxe5 Nxe5 30. Ra3 Nc4 31. Rb3 Na5 32. Ra3 1/2-1/2

[Event "EU-ch U12 26th"]
[Site "Prague"]
[Date "2016.08.19"]
[Round "2"]
[White "Czopor, Maciej"]
[Black "Bonciu, David"]
[Result "1/2-1/2"]
[WhiteElo "2025"]
[BlackElo "1820"]
[PlyCount "144"]
[EventDate "2016.08.18"]
[EventType "swiss"]
[EventRounds "9"]
[EventCountry "CZE"]
[SourceTitle "CBM 174 Extra"]
[Source "ChessBase"]
[SourceDate "2016.10.10"]
[SourceVersion "1"]
[SourceVersionDate "2016.10.10"]
[SourceQuality "1"]

1. e4 c5 2. Nf3 Nc6 3. d4 cxd4 4. Nxd4 g6 5. c4 Bg7 6. Be3 Nf6 7. Nc3 0-0 8. Be2 d6 9. 0-0 Bd7 10. Rc1 Nxd4 11. Bxd4 Bc6 12. f3 a5 13. b3 Nd7 14. Be3 Nc5 15. Qc2 e6 16. Rfd1 Qe7 17. Bf1 f5 18. exf5 Rxf5 19. Qd2 Be5 20. f4 Bxc3 21. Qxc3 Ne4 22. Qc2 d5 23. Bd3 Re8 24. g3 Rf7 25. Rf1 Qb4 26. Bxe4 dxe4 27. Qf2 Rd7 28. Rc2 Qf8 29. Bd4 Qf5 30. Qe3 Red8 31. Rd2 Qh3 32. Rfd1 Qg4 33. a3 Rxd4 34. Rxd4 Qxd1+ 35. Rxd1 Rxd1+ 36. Kf2 Rd3 37. Qb6 Rd2+ 38. Ke3 Rxh2 39. Qxa5 Rg2 40. Qg5 Rb2 41. Qd8+ Kf7 42. Qd1 Rg2 43. Qe1 Rb2 44. Qc3 Rg2 45. Kd4 Rf2 46. b4 Rf3 47. Qe1 b6 48. b5 Bb7 49. a4 Kf6 50. Qe2 Rd3+ 51. Qxd3 exd3 52. Kxd3 Ke7 53. a5 bxa5 54. c5 Kd7 55. Kc3 h6 56. Kb3 g5 57. fxg5 hxg5 58. Ka4 Be4 59. Kxa5 Kc7 60. Kb4 Bd3 61. b6+ Kb7 62. Kc3 Be4 63. Kd4 Bd5 64. Ke5 g4 65. Kd6 Bf3 66. Kxe6 Kc6 67. Kf5 Kxc5 68. b7 Bxb7 69. Kxg4 Bc8+ 70. Kh5 Kd5 71. Kg6 Ke5 72. g4 Bxg4 1/2-1/2

[Event "ROM-ch U12"]
[Site "Calimanesti Caciulata"]
[Date "2016.04.24"]
[Round "8"]
[White "Serban, Cristian Stefan"]
[Black "Bonciu, David"]
[Result "1/2-1/2"]
[WhiteElo "1811"]
[BlackElo "1663"]
[PlyCount "96"]
[EventDate "2016.04.18"]
[EventType "swiss"]
[EventRounds "9"]
[EventCountry "ROU"]
[SourceTitle "CBM 172 Extra"]
[Source "ChessBase"]
[SourceDate "2016.06.21"]
[SourceVersion "1"]
[SourceVersionDate "2016.06.21"]
[SourceQuality "1"]

1. d4 d5 2. Nf3 Nf6 3. e3 Bf5 4. Bd3 e6 5. Bxf5 exf5 6. Qd3 Qc8 7. Nbd2 Bd6 8. 0-0 0-0 9. c4 c6 10. b3 Ne4 11. cxd5 cxd5 12. Bb2 Nc6 13. a3 Qe6 14. g3 Rac8 15. Rac1 Rfe8 16. Kg2 g5 17. Rfd1 h6 18. b4 g4 19. Ng1 h5 20. Nxe4 Qxe4+ 21. Qxe4 fxe4 22. Ne2 a6 23. h3 f5 24. hxg4 hxg4 25. Rh1 Kg7 26. Rh5 Ne7 27. Nc3 Rh8 28. Rxh8 Rxh8 29. Na4 Rc8 30. Nb6 Rxc1 31. Bxc1 Bb8 32. Kf1 Kf7 33. Nd7 Bd6 34. Ke2 Ke6 35. Nc5+ Bxc5 36. dxc5 Nc6 37. Bb2 Ne5 38. Bd4 Nd3 39. Bc3 Kd7 40. a4 Kc6 41. Kf1 b6 42. cxb6 Kxb6 43. Ke2 a5 44. bxa5+ Ka6 45. Bd2 Kb7 46. Bc3 Ka6 47. Bd2 Kb7 48. Bc3 Ka6 1/2-1/2

[Event "ROM-ch U12"]
[Site "Calimanesti Caciulata"]
[Date "2016.04.20"]
[Round "3"]
[White "Bonciu, David"]
[Black "Stoian, Cristian Georgian"]
[Result "0-1"]
[WhiteElo "1663"]
[BlackElo "1885"]
[PlyCount "92"]
[EventDate "2016.04.18"]
[EventType "swiss"]
[EventRounds "9"]
[EventCountry "ROU"]
[SourceTitle "CBM 172 Extra"]
[Source "ChessBase"]
[SourceDate "2016.06.21"]
[SourceVersion "1"]
[SourceVersionDate "2016.06.21"]
[SourceQuality "1"]

1. e4 c5 2. Nc3 g6 3. Bc4 Bg7 4. Qf3 e6 5. Nge2 Ne7 6. d3 0-0 7. Be3 d6 8. g4 Nbc6 9. h4 Ne5 10. Qh3 d5 11. f4 Nxc4 12. dxc4 d4 13. 0-0-0 Qb6 14. h5 dxe3 15. e5 Qc6 16. Rd6 Qe8 17. Nb5 Bd7 18. Rxd7 Qxd7 19. hxg6 h6 20. g5 fxg6 21. Rd1 Qc6 22. Rd6 Qe4 23. Qxe6+ Rf7 24. Rd7 Qf5 25. Rxe7 Qxe6 26. Rxe6 hxg5 27. Nd6 gxf4 28. Nxf7 Kxf7 29. Nxf4 g5 30. Nd5 Kxe6 31. Nc7+ Kd7 32. Nxa8 Bxe5 33. Kd1 Kc8 34. Ke2 Bf4 35. Kf3 Kb8 36. Nb6 axb6 37. c3 g4+ 38. Ke2 g3 39. Kf3 Kc7 40. b4 Kc6 41. a4 Kd6 42. a5 bxa5 43. bxa5 Kc6 44. a6 bxa6 45. Kg2 e2 46. Kh3 e1Q 0-1

[Event "ROM-ch U12"]
[Site "Calimanesti"]
[Date "2015.03.30"]
[Round "1"]
[White "Bonciu, David"]
[Black "Sarbu, Zeno Iulius"]
[Result "1-0"]
[WhiteElo "1721"]
[BlackElo "1373"]
[PlyCount "93"]
[EventDate "2015.03.30"]
[EventType "swiss"]
[EventRounds "9"]
[EventCountry "ROU"]
[SourceTitle "CBM 165 Extra"]
[Source "ChessBase"]
[SourceDate "2015.04.21"]
[SourceVersion "1"]
[SourceVersionDate "2015.04.21"]
[SourceQuality "1"]

1. e4 c5 2. Nf3 e6 3. d4 cxd4 4. Nxd4 a6 5. Nc3 Qc7 6. Be3 Bb4 7. Bd2 Nf6 8. Qf3 b5 9. 0-0-0 Bb7 10. Re1 d6 11. g4 0-0 12. g5 Ne8 13. Bh3 Nd7 14. g6 fxg6 15. Bxe6+ Kh8 16. Qh3 Ndf6 17. f3 Bc5 18. Nb3 Bc8 19. Nxc5 Qxc5 20. Be3 Bxe6 21. Qxe6 Qe5 22. Qxe5 dxe5 23. Bc5 Rf7 24. Nd5 Nxd5 25. exd5 Rc7 26. Bb6 Rd7 27. Rxe5 Nf6 28. Rd1 Rb8 29. Ba5 Kg8 30. d6 Ne8 31. Re7 Rxd6 32. Rxe8+ Rxe8 33. Rxd6 Rf8 34. Rd8 Rxd8 35. Bxd8 Kf7 36. Kd2 Ke6 37. Ke3 h6 38. Ke4 g5 39. h3 g6 40. b3 Kd6 41. Kd4 a5 42. Bxa5 h5 43. Bd2 g4 44. fxg4 hxg4 45. hxg4 b4 46. Bxb4+ Kc6 47. c4 1-0

[Event "ROM-ch U10"]
[Site "Calimanesti"]
[Date "2014.04.07"]
[Round "2"]
[White "Bonciu, David"]
[Black "Antonica, Dragos Andrei"]
[Result "0-1"]
[WhiteElo "1581"]
[BlackElo "1541"]
[PlyCount "102"]
[EventDate "2014.04.06"]
[EventType "swiss"]
[EventRounds "9"]
[EventCountry "ROU"]
[SourceTitle "CBM 160 Extra"]
[Source "ChessBase"]
[SourceDate "2014.07.01"]
[SourceVersion "1"]
[SourceVersionDate "2014.07.01"]
[SourceQuality "1"]

1. e4 e6 2. Nf3 d5 3. Nc3 dxe4 4. Nxe4 Nf6 5. Nxf6+ Qxf6 6. d4 h6 7. Bd2 Bd6 8. Bc3 Nd7 9. Bd3 0-0 10. 0-0 Nb6 11. Qe2 Nd5 12. Bd2 Bd7 13. Ne5 Bxe5 14. dxe5 Qe7 15. Qe4 f5 16. exf6 Nxf6 17. Qxb7 Qd6 18. Ba5 Rfc8 19. Rad1 Nd5 20. Qa6 Qc5 21. c4 Nf6 22. Bc3 Rcb8 23. Bxf6 Bc8 24. Qa3 Qxa3 25. bxa3 gxf6 26. Rb1 Ba6 27. Rb3 Rb6 28. Rfb1 Rab8 29. Kf1 Kf7 30. a4 Rd8 31. Rxb6 axb6 32. Ke2 Rd4 33. Rc1 e5 34. f3 Ke6 35. Rc3 f5 36. Ke3 f4+ 37. Ke2 Kd6 38. h4 Kc6 39. h5 Kc5 40. a3 Bxc4 41. Kd2 Rxd3+ 42. Rxd3 Bxd3 43. Kxd3 Kd5 44. Kc3 c5 45. Kd3 c4+ 46. Kc3 Kc5 47. Kc2 Kd4 48. Kd2 c3+ 49. Kc2 Kc4 50. g4 fxg3 51. a5 g2 0-1